000 00467nam a22001697a 4500
005 20230119122912.0
008 210227b ||||| |||| 00| 0 eng d
020 _a979384875399
041 _aeng
082 _a615.19 SHA-L
100 _aSHAHARE HITESH V AND AMRUTKAR
_96407
245 _aLAB MANUAL OF PHARMACEUTICAL ORGANIC CHEMISTRY-II
260 _aMODI NAGAR
_bUNNATI PUBLICATION
_c2020
300 _a96 P.
650 _aPHARMACY
_xB.PHARMA
_97083
942 _cBK
999 _c7480
_d7478